书目信息 |
| 题名: |
食品微生物
|
|
| 作者: | 孙悦迎 编 | |
| 分册: | ||
| 出版信息: | 北京 中国商业出版社 1989.4 |
|
| 页数: | 303页 | |
| 开本: | 19厘米 | |
| 丛书名: | ||
| 单 册: | ||
| 中图分类: | TS201.3 | |
| 科图分类: | 83.036 | |
| 主题词: | 食品--微生物学--应用--技工学校--教材 | |
| 电子资源: | ||
| ISBN: | 7-5044-0262-1 | |
| 000 | 00885c|m0 2200265 450 | |
| 001 | 0102696540 | |
| 005 | 20121116170000.0 | |
| 010 | @a7-5044-0262-1@dCNY5.30 | |
| 011 | @a7-5044-0262-1 | |
| 100 | @a19921222d1989 em y0chiy0110 ea | |
| 101 | 0 | @achi |
| 102 | @aCN@b110000 | |
| 105 | @ay z 000yy | |
| 135 | @adrbn ---auuuu | |
| 200 | 1 | @a食品微生物@9Shi;Si Pin Wei Sheng Wu @f孙悦迎编@b电子资源.图书 |
| 210 | @a北京@c中国商业出版社@d1989.4 | |
| 215 | @a303页@d19厘米 | |
| 325 | @a电子复制品 | |
| 330 | @a本书除绪言外共分九章:微生物的形态与结构、微生物分类、微生物营养、微生物的代谢活动、微生物生长及其控制、微生物在食品工业上的应用、微生物与食品变质。 | |
| 606 | 0 | @a食品@x微生物学@x应用@x技工学校@x教材 |
| 690 | @aTS201.3@v三版 | |
| 692 | @a83.036 | |
| 701 | 0 | @a孙悦迎@9sun yue ying@4编 |
| 801 | 0 | @aCN@bAZmarc@c20230904 |
| 905 | @dTS201.3@e217@f3@sTS201.3/217@aBZT | |
| 食品微生物/孙悦迎编[电子资源.图书].-北京:中国商业出版社,1989.4 |
| 303页;19厘米 |
| ISBN 7-5044-0262-1:CNY5.30 |
| 本书除绪言外共分九章:微生物的形态与结构、微生物分类、微生物营养、微生物的代谢活动、微生物生长及其控制、微生物在食品工业上的应用、微生物与食品变质。 |
| ● |
| 相关链接 |
|
|
|
正题名:食品微生物
索取号:TS201.3/217
 
预约/预借
| 序号 | 登录号 | 条形码 | 馆藏地/架位号 | 状态 | 备注 |
| 1 | 2000041762 | 2000041762 | 旧书回溯/ [索取号:TS201.3/217] | 在馆 | |
| 2 | 2000041763 | 2000041763 | 旧书回溯/ [索取号:TS201.3/217] | 在馆 | |
| 3 | 2000041764 | 2000041764 | 旧书回溯/ [索取号:TS201.3/217] | 在馆 |